1497 1227 1789 1350 1707 1519 1977 1246 1496 1465 1118 1811 1259 1084 1264 1935 1487 1899 1504 1868 1961 1252 1106 1501 1531 1592 1687 1951 1240 1611 1883 1266 1707 1645 1414 1423 1901 1311 1174 1610 1779 1354 1604 1412 1339 1350 1568 1592 1782 1486 1750 1570 1584 1657 1693 1463 1468 1937 1121 1918 1372 1682 1884 1215 1511 1861 1609 1911 1311 1951 1835 1475 1230 1376 1761 1812 1561 1073 1768 1109 1989 1539 1400 1790 1018 1715 1154 1156 1603 1735 1827 1497 1040 1832 1858 1086 1911 1443 1076 BCNSPRNW ULIB Ver.6.0+V

เปลี่ยนเป็นภาษาไทย

Change to English
 แสดงรายละเอียดบรรณานุกรม
  กลับหน้าหลัก

Brief Record : Get Marc (ISO 2709) : E-mail record : QR code < ปิดหน้าต่าง
LEADER : 00000nam 2200000uu 4500
001    13399113557
003     ULIB
008    111128s2550||||th 000 0 tha d
020    ^a9789747503364
090    ^aนว.^bม979ภ 2550
100 0  ^aMimoza
245 00 ^aภารกิจรักพิทักษ์หัวใจนายยอมบู๊
250    ^aพิมพ์ครั้งที่ 1
260    ^aกรุงเทพฯ :^bแจ่มใส,^c2550
300    ^a262 หน้า
710 1  ^aแจ่มใส
945    ^p189^l0^i14453
995    ^aกัณชพร
999    ^aใช้งานได้ทุกระบบ
รายการนี้ยังไม่มีแท็ก
คุณยังไม่ได้ล็อกอิน คุณสามารถมีกิจกรรมร่วมกับเว็บไซต์ได้ แต่ต้องล็อกอินก่อน ::
  ล็อกอิน

รายการสื่อสารสนเทศ

ลำดับที่ ประเภท เลขเรียก/บาร์โค้ด สถานที่ สถานะ
1. นวนิยาย
นวนิยาย
นว. ม979ภ 2550  
  Barcode: 14453
ห้องสมุดวิทยาเขตสวรรค์ประชารักษ์
►นวนิยาย
บนชั้น
  ขอยืม

BibComment


ยังไม่เคยถูกคอมเมนท์

คอมเมนท์ทรัพยากรรายการนี้
  คอมเมนท์: ภารกิจรักพิทักษ์..


 Copyright 2026. Bcnsprnw @Library